[Event "Outaouais-ch Reserve"]
[Site "Gatineau CAN"]
[Date "2025.04.08"]
[Round "3"]
[White "Bolduc, Christian"]
[Black "Lapointe, Francois"]
[Result "1-0"]
[WhiteElo "1095"]
[BlackElo "1028"]
[WhiteFideId "-1"]
[WhiteFideId "-1"]
[PlyCount "70"]
[GameId "2170502837664764"]
[EventDate "2025.03.25"]
[EventType "swiss"]
[EventRounds "8"]
[EventCountry "CAN"]

1. e4 e5 2. Nc3 Nf6 3. Nf3 Nc6 4. Bc4 d6 5. Ng5 Be6 6. Nxe6 fxe6 7. Bxe6 Nd4 8. Bc4 Qd7 9. h3 b5 10. Bb3 c5 11. a3 c4 12. Ba2 d5 13. d3 Bc5 14. Be3 b4 15. axb4 Bxb4 16. O-O O-O 17. Ne2 dxe4 18. Bxc4+ Kh8 19. c3 Nxe2+ 20. Qxe2 Ba5 21. Rxa5 Qd6 22. Bc5 exd3 23. Bxd3 Qd5 24. Bxf8 Qxa5 25. Bb4 Qd5 26. Re1 e4 27. Bxe4 Nxe4 28. Qxe4 Qxe4 29. Rxe4 a5 30. Ba3 a4 31. Rf4 Kg8 32. c4 g5 33. Rf5 h6 34. Rf6 Kg7 35. Rd6 Rc8 1-0

[Event "Outaouais-ch Reserve"]
[Site "Gatineau CAN"]
[Date "2025.04.08"]
[Round "3"]
[White "Filion, Yves"]
[Black "Vezina, Yannick"]
[Result "1-0"]
[WhiteElo "1607"]
[BlackElo "1476"]
[WhiteFideId "-1"]
[WhiteFideId "-1"]
[PlyCount "107"]
[GameId "2170502837664767"]
[EventDate "2025.03.25"]
[EventType "swiss"]
[EventRounds "8"]
[EventCountry "CAN"]

1. d4 Nf6 2. Nf3 c5 3. e3 Na6 4. Be2 e6 5. O-O Ne4 6. Nbd2 f5 7. Nxe4 fxe4 8. Nd2 d5 9. f3 cxd4 10. fxe4 dxe3 11. Bb5+ Bd7 12. Qf3 Qe7 13. Bxd7+ Qxd7 14. Nb3 d4 15. Nxd4 Bc5 16. c3 e2 17. Qxe2 Bxd4+ 18. cxd4 Qxd4+ 19. Be3 Qxe4 20. Rf4 Qe5 21. Rc1 Rf8 22. Rxf8+ Kxf8 23. Bc5+ Qxc5+ 24. Rxc5 Nxc5 25. b4 Nd7 26. Qxe6 Nf6 27. Qd6+ Kf7 28. Qc7+ Kg6 29. Qxb7 Rd8 30. Qf3 h5 31. h3 Rd4 32. Qg3+ Kh7 33. Qc3 Re4 34. Qd3 Kh6 35. Qd2+ g5 36. a4 h4 37. a5 Kh5 38. b5 g4 39. hxg4+ Kxg4 40. Qd1+ Kf5 41. b6 axb6 42. axb6 Rb4 43. Qc2+ Ke6 44. Qc6+ Kf7 45. b7 Rb1+ 46. Kf2 Ng4+ 47. Ke2 Rb2+ 48. Kd1 Nf2+ 49. Kc1 Nd3+ 50. Kd1 Rb1+ 51. Ke2 Nf4+ 52. Kf3 Rf1+ 53. Kg4 Ng6 54. Qc4+ 1-0

[Event "Outaouais-ch Reserve"]
[Site "Gatineau CAN"]
[Date "2025.04.08"]
[Round "3"]
[White "Gagne, Raphael"]
[Black "Blais, Robert"]
[Result "0-1"]
[WhiteElo "1385"]
[BlackElo "1319"]
[WhiteFideId "-1"]
[WhiteFideId "-1"]
[PlyCount "68"]
[GameId "2170502837664763"]
[EventDate "2025.03.25"]
[EventType "swiss"]
[EventRounds "8"]
[EventCountry "CAN"]

1. e4 c5 2. Nf3 Nc6 3. c4 g6 4. Nc3 Bg7 5. d3 d6 6. Be3 Nf6 7. h3 O-O 8. Be2 Bd7 9. Qd2 Rb8 10. Rb1 a6 11. b4 Nxb4 12. a3 Nc6 13. Nd5 Nxd5 14. cxd5 Ne5 15. Nxe5 Bxe5 16. Bh6 Bg7 17. g4 b5 18. Bxg7 Kxg7 19. h4 c4 20. g5 Qc7 21. Qc3+ Kg8 22. h5 Qc8 23. Rh4 cxd3 24. Qxd3 Qc7 25. Qg3 Rbc8 26. Qh2 Qc3+ 27. Kf1 Qxa3 28. hxg6 fxg6 29. Rxh7 Qc3 30. Qh6 Rf7 31. Qxg6+ Rg7 32. Rxg7+ Qxg7 33. Qh5 Qh7 34. Qf3 Rf8 0-1

[Event "Outaouais-ch Reserve"]
[Site "Gatineau CAN"]
[Date "2025.04.08"]
[Round "3"]
[White "Labelle, Raymond"]
[Black "Dubois, Simon"]
[Result "1-0"]
[WhiteElo "1442"]
[BlackElo "1270"]
[WhiteFideId "-1"]
[WhiteFideId "-1"]
[PlyCount "67"]
[GameId "2170502837660663"]
[EventDate "2025.03.25"]
[EventType "swiss"]
[EventRounds "8"]
[EventCountry "CAN"]

1. e4 c5 2. Nf3 d6 3. d4 Nc6 4. dxc5 dxc5 5. Qxd8+ Nxd8 6. Bb5+ Nc6 7. Ne5 a6 8. Bxc6+ bxc6 9. Nxc6 Bb7 10. Na5 Bxe4 11. O-O Bxc2 12. Be3 e6 13. Rc1 Bg6 14. Bxc5 Rc8 15. b4 Nf6 16. Na3 Bxc5 17. Rxc5 O-O 18. Rac1 Rb8 19. Nc6 Ne4 20. Ne7+ Kh8 21. R5c4 Nf6 22. Nxg6+ hxg6 23. Nb1 Nd5 24. a3 Nb6 25. Rc6 Rfd8 26. g3 Kh7 27. Kg2 Kh8 28. Nc3 Rdc8 29. Ne4 Rd8 30. Ng5 Kg8 31. Rc7 Rf8 32. Ra7 Ra8 33. Rcc7 Nd5 34. Rxf7 1-0

[Event "Outaouais-ch Reserve"]
[Site "Gatineau CAN"]
[Date "2025.04.08"]
[Round "3"]
[White "Perrier, Vincent"]
[Black "Patry, Onil"]
[Result "1-0"]
[WhiteElo "1309"]
[BlackElo "1178"]
[WhiteFideId "-1"]
[WhiteFideId "-1"]
[PlyCount "57"]
[GameId "2170502837664762"]
[EventDate "2025.03.25"]
[EventType "swiss"]
[EventRounds "8"]
[EventCountry "CAN"]

1. e4 c5 2. c3 Nc6 3. d4 cxd4 4. cxd4 e6 5. d5 exd5 6. exd5 Bb4+ 7. Nc3 Qe7+ 8. Be3 Ne5 9. a3 Bc5 10. Nb5 Bd6 11. Nxd6+ Qxd6 12. Nf3 Nf6 13. Nxe5 Qxe5 14. Bc4 O-O 15. O-O d6 16. Bd4 Qf5 17. Bc3 a6 18. Re1 Ng4 19. Qe2 Qd7 20. h3 b5 21. Bd3 Ne5 22. Bxe5 dxe5 23. Qxe5 Bb7 24. Be4 Rfe8 25. Qh5 g6 26. Qf3 f5 27. Bc2 Qxd5 28. Bb3 Rad8 29. Rxe8+ 1-0

[Event "Outaouais-ch Reserve"]
[Site "Gatineau CAN"]
[Date "2025.04.08"]
[Round "3"]
[White "Piche, Danielle"]
[Black "Bergeron-Collin, Laurent"]
[Result "0-1"]
[WhiteElo "915"]
[BlackElo "1173"]
[WhiteFideId "-1"]
[WhiteFideId "-1"]
[PlyCount "42"]
[GameId "2170502837660664"]
[EventDate "2025.03.25"]
[EventType "swiss"]
[EventRounds "8"]
[EventCountry "CAN"]

1. e4 c6 2. d4 d5 3. exd5 Nf6 4. dxc6 Nxc6 5. Nf3 g6 6. c3 Bg7 7. Be3 O-O 8. Nbd2 a6 9. a4 Re8 10. Bc4 e5 11. O-O e4 12. Ne5 Nxe5 13. dxe5 Ng4 14. Bd4 Nxe5 15. Bb3 Bf5 16. Re1 Nd3 17. Re3 Bxd4 18. cxd4 Qxd4 19. Bc4 Nxb2 20. Qc2 Nxc4 21. Nxc4 Qxa1+ 0-1

[Event "Outaouais-ch Reserve"]
[Site "Gatineau CAN"]
[Date "2025.04.08"]
[Round "3"]
[White "Thibault, Mario"]
[Black "Scantland, Patrick"]
[Result "1-0"]
[WhiteElo "1537"]
[BlackElo "1623"]
[WhiteFideId "-1"]
[WhiteFideId "-1"]
[PlyCount "78"]
[GameId "2170502837664766"]
[EventDate "2025.03.25"]
[EventType "swiss"]
[EventRounds "8"]
[EventCountry "CAN"]

1. e4 c5 2. Nf3 d6 3. c3 Nc6 4. h3 Nf6 5. Bd3 e6 6. O-O Be7 7. Bc2 Qc7 8. Re1 O-O 9. d4 cxd4 10. cxd4 a6 11. Nc3 b5 12. a3 Bb7 13. Bg5 h6 14. Bh4 Rac8 15. Rc1 Qd8 16. Qd3 e5 17. Nd5 g6 18. Nxe7+ Qxe7 19. d5 Na5 20. Qd2 g5 21. Qxa5 gxh4 22. Qd2 Kh7 23. Nxh4 Nh5 24. Qxh6+ Kxh6 25. Nf5+ Kh7 26. Nxe7 Rc7 27. Nf5 Rd7 28. g3 Rg8 29. Kh2 Rg6 30. Bd1 Nf6 31. Bf3 Rg5 32. Ne3 Kg7 33. Rc3 Nh7 34. Bg4 Rd8 35. Rc7 Ba8 36. h4 Rg6 37. Nf5+ Kf6 38. Bh5 Bxd5 39. Bxg6 fxg6 1-0

[Event "Outaouais-ch Reserve"]
[Site "Gatineau CAN"]
[Date "2025.04.15"]
[Round "3"]
[White "Arcand, Pierre"]
[Black "Arsenault, Michel"]
[Result "0-1"]
[WhiteElo "1266"]
[BlackElo "1781"]
[WhiteFideId "-1"]
[WhiteFideId "-1"]
[PlyCount "65"]
[GameId "2170502837672962"]
[EventDate "2025.03.25"]
[EventType "swiss"]
[EventRounds "8"]
[EventCountry "CAN"]

1. e4 c5 2. Nf3 e6 3. Nc3 a6 4. d4 cxd4 5. Nxd4 Qc7 6. Bd3 Nf6 7. O-O Bc5 8. Nb3 Ba7 9. Bg5 h5 10. Bxf6 gxf6 11. Qf3 Qe5 12. Nd2 Rh6 13. Nc4 Qc7 14. Ne2 b5 15. Nd2 Nc6 16. Qf4 Qxf4 17. Nxf4 Bb7 18. Nf3 O-O-O 19. Rfe1 Bb8 20. Nh3 h4 21. Kf1 Rg8 22. Kg1 Rhg6 23. Bf1 Ne7 24. e5 Bxf3 25. exf6 Rxf6 26. Re3 Bxg2 27. Bxg2 Rfg6 28. Kf1 Rxg2 29. Ke2 Rxh2 30. Rc3+ Kd8 31. Rd1 Nd5 32. Rcd3 Rxh3 33. Rxh3 0-1

[Event "Outaouais-ch Reserve"]
[Site "Gatineau CAN"]
[Date "2025.04.15"]
[Round "4"]
[White "Bergeron-Collin, Laurent"]
[Black "Thibeault, Alain"]
[Result "0-1"]
[Annotator "hugh_"]
[WhiteElo "1173"]
[BlackElo "1344"]
[WhiteFideId "-1"]
[WhiteFideId "-1"]
[PlyCount "80"]
[GameId "2170502837672967"]
[EventDate "2025.03.25"]
[EventType "swiss"]
[EventRounds "8"]
[EventCountry "CAN"]

{[%evp 0,80,21,17,26,5,28,12,36,16,19,15,27,40,18,68,22,-7,41,-149,-221,-129,-102,-131,-129,-202,-260,-347,-301,-358,-185,-396,-387,-506,-369,-472,-570,-507,-499,-578,-578,-562,-508,-522,-548,-641,-589,-576,-500,-691,-736,-688,-789,-876,-792,-982,-881,-918,-1132,-1247,-1130,-1357,-1102,-1449,-1587,-1586,-1516,-1877,-1509,-1846,-29990,-29991,-29992,-29993,-29992,-29993,-29994,-29995,-29996,-29997,-29996,-29999,-29999]} 1. c4 g6 2. Nc3 Nf6 3. Nf3 Bg7 4. e3 O-O 5. d4 a5 6. h3 Na6 7. e4 d6 8. Bd2 c5 9. Nd5 Nxe4 10. Be3 e6 11. Nc3 f5 12. Nxe4 fxe4 13. Ng5 d5 14. dxc5 d4 15. Bc1 Nxc5 16. a4 h6 17. h4 hxg5 18. Bxg5 Bf6 19. Qg4 e5 20. Qg3 e3 21. fxe3 Ne4 22. Bxf6 Nxg3 23. Bxd8 Nxh1 24. c5 Rxd8 25. Bc4+ Kg7 26. O-O-O Ng3 27. Rd2 Ne4 28. Rd1 Bg4 29. Re1 d3 30. Rf1 d2+ 31. Kc2 d1=Q+ 32. Rxd1 Bxd1+ 33. Kb1 Bxa4 34. g4 Nd2+ 35. Ka2 Nxc4 36. h5 Rd2 37. c6 Rxb2+ 38. Ka1 Rd8 39. h6+ Kxh6 40. cxb7 Rd1# 0-1

[Event "Outaouais-ch Reserve"]
[Site "Gatineau CAN"]
[Date "2025.04.15"]
[Round "4"]
[White "Bourbeau, Florent"]
[Black "Filion, Yves"]
[Result "0-1"]
[WhiteElo "1553"]
[BlackElo "1607"]
[WhiteFideId "-1"]
[WhiteFideId "-1"]
[PlyCount "96"]
[GameId "2170502837672964"]
[EventDate "2025.03.25"]
[EventType "swiss"]
[EventRounds "8"]
[EventCountry "CAN"]

1. e4 d5 2. exd5 Qxd5 3. Nc3 Qa5 4. d4 Nf6 5. Nf3 Bg4 6. h3 Bf5 7. Bc4 e6 8. Bd2 c6 9. Nd5 Qd8 10. Nxf6+ gxf6 11. Bc3 Nd7 12. Bd3 Bg6 13. Qe2 Nb6 14. O-O-O Nd5 15. Bd2 Qd6 16. Nh4 Nf4 17. Qe3 Nxd3+ 18. cxd3 Bg7 19. Nxg6 hxg6 20. Kb1 O-O-O 21. d5 Kb8 22. dxc6 Qxc6 23. Bc3 Qxg2 24. Bd4 b6 25. Bxf6 Bxf6 26. Qf4+ Ka8 27. Qxf6 Rhf8 28. Qf4 Rxd3 29. Rxd3 Qxh1+ 30. Kc2 Rc8+ 31. Rc3 Rxc3+ 32. bxc3 Qxh3 33. Qxf7 Qf5+ 34. Qxf5 gxf5 35. Kd3 Kb7 36. Kd4 Kc6 37. c4 Kd6 38. a3 e5+ 39. Kd3 Kc5 40. f3 b5 41. cxb5 Kxb5 42. Kc3 Ka4 43. Kc4 e4 44. fxe4 fxe4 45. Kd4 Kxa3 46. Kxe4 Kb3 47. Kd3 a5 48. Kd2 Kb2 0-1

[Event "Outaouais-ch Reserve"]
[Site "Gatineau CAN"]
[Date "2025.04.15"]
[Round "4"]
[White "Desroches, Maxime"]
[Black "Thibault, Mario"]
[Result "1/2-1/2"]
[WhiteElo "1324"]
[BlackElo "1537"]
[WhiteFideId "-1"]
[WhiteFideId "-1"]
[PlyCount "68"]
[GameId "2170502837693452"]
[EventDate "2025.03.25"]
[EventType "swiss"]
[EventRounds "8"]
[EventCountry "CAN"]

1. d4 d6 2. c4 Nf6 3. Nc3 e5 4. dxe5 dxe5 5. Qxd8+ Kxd8 6. Bg5 c6 7. Nf3 Nbd7 8. O-O-O Kc7 9. e3 Bb4 10. Bh4 Bxc3 11. bxc3 Ne4 12. Kc2 f6 13. Nd2 Nxd2 14. Rxd2 Nc5 15. f3 Be6 16. Be2 Rad8 17. Rhd1 Rxd2+ 18. Rxd2 Rd8 19. Rxd8 Kxd8 20. e4 Kd7 21. Bf2 Kd6 22. Kb2 b6 23. g4 g5 24. h4 h6 25. h5 Bf7 26. Ka3 Ne6 27. Kb4 c5+ 28. Kb3 Nf4 29. Bf1 Ne6 30. Kc2 Nc7 31. Kb2 Kc6 32. a4 Kd6 33. Ka3 Kc6 34. Be3 Be6 1/2-1/2

[Event "Outaouais-ch Reserve"]
[Site "Gatineau CAN"]
[Date "2025.04.15"]
[Round "4"]
[White "Falardeau, Alexandre"]
[Black "Chenard, Paul"]
[Result "1-0"]
[WhiteElo "1225"]
[BlackElo "946"]
[WhiteFideId "-1"]
[WhiteFideId "-1"]
[PlyCount "81"]
[GameId "2170502837693451"]
[EventDate "2025.03.25"]
[EventType "swiss"]
[EventRounds "8"]
[EventCountry "CAN"]

1. e4 e5 2. Nc3 Nf6 3. f4 Nc6 4. fxe5 Nxe5 5. d4 Nc6 6. e5 Qe7 7. Qe2 Nxd4 8. exf6 Nxc2+ 9. Kd1 Ne3+ 10. Bxe3 Qxf6 11. Bc5+ Qe6 12. Qxe6+ dxe6 13. Bxf8 Rxf8 14. Nb5 Kd7 15. Ke1 a6 16. Rd1+ Kc6 17. Nd4+ Kb6 18. Ngf3 f6 19. Bc4 Re8 20. Kf2 c5 21. Nb3 e5 22. Rd5 Ka7 23. Rxc5 b6 24. Rc7+ Kb8 25. Rxg7 e4 26. Nfd4 e3+ 27. Ke2 Bb7 28. Rxh7 Bxg2 29. Rg1 Be4 30. Rh6 Ra7 31. Rxf6 Rc7 32. Rxb6+ Kc8 33. Bxa6+ Bb7 34. Bxb7+ Rxb7 35. Rxb7 Kxb7 36. Rg3 Rh8 37. h3 Ra8 38. a3 Ra6 39. Nc5+ Kb6 40. Nxa6 Kxa6 41. Rg5 1-0

[Event "Outaouais-ch Reserve"]
[Site "Gatineau CAN"]
[Date "2025.04.15"]
[Round "4"]
[White "Gregoire, Guy"]
[Black "Rioux, Jocelyn"]
[Result "0-1"]
[WhiteElo "1168"]
[BlackElo "1600"]
[WhiteFideId "-1"]
[WhiteFideId "-1"]
[PlyCount "96"]
[GameId "2170502837693450"]
[EventDate "2025.03.25"]
[EventType "swiss"]
[EventRounds "8"]
[EventCountry "CAN"]

1. d4 d5 2. Bf4 Nf6 3. e3 Bf5 4. Nf3 e6 5. Bd3 Bxd3 6. Qxd3 Bd6 7. Bg3 O-O 8. Nbd2 c5 9. Bh4 h6 10. c3 Nbd7 11. Nb3 c4 12. Qc2 cxb3 13. Qxb3 Qb6 14. h3 Qxb3 15. axb3 Ne4 16. c4 g5 17. O-O-O gxh4 18. Nxh4 Nxf2 19. Rhg1 Nxd1 20. Kxd1 Bg3 21. Nf3 Bf2 22. Rf1 Bxe3 23. g4 Bg5 24. h4 Be7 25. g5 hxg5 26. h5 dxc4 27. bxc4 Nf6 28. h6 Ng4 29. Ne5 Ne3+ 30. Ke1 Nxf1 31. Kxf1 Rfd8 32. Nf3 Kh7 33. Kf2 Kxh6 34. Ke3 Bf6 35. c5 g4 36. Ne5 Bxe5 37. dxe5 Rd5 38. Kf4 Rxc5 39. Kxg4 Rxe5 40. Kf4 f6 41. b4 Rd8 42. b5 Rd1 43. b6 axb6 44. Kf3 Rf1+ 45. Kg2 Rff5 46. Kg3 Re4 47. Kh3 Rg5 48. Kh2 Rh4# 0-1

[Event "Outaouais-ch Reserve"]
[Site "Gatineau CAN"]
[Date "2025.04.15"]
[Round "4"]
[White "Laflamme, Mathieu"]
[Black "Collin, Achille"]
[Result "0-1"]
[WhiteElo "1406"]
[BlackElo "1358"]
[WhiteFideId "-1"]
[WhiteFideId "-1"]
[PlyCount "42"]
[GameId "2170502837672966"]
[EventDate "2025.03.25"]
[EventType "swiss"]
[EventRounds "8"]
[EventCountry "CAN"]

1. d4 g6 2. c4 Nf6 3. Nf3 d6 4. g3 Bg7 5. Bg2 O-O 6. Nc3 c6 7. Qc2 Bf5 8. e4 Nxe4 9. Nxe4 d5 10. cxd5 cxd5 11. Qe2 dxe4 12. Nd2 Qxd4 13. Nxe4 Nc6 14. O-O Rad8 15. Nc3 Bd3 16. Qe3 Bxf1 17. Kxf1 Qc4+ 18. Kg1 Bxc3 19. Bxc6 Rd1+ 20. Kg2 Qf1+ 21. Kf3 Rd3 0-1

[Event "Outaouais-ch Reserve"]
[Site "Gatineau CAN"]
[Date "2025.04.15"]
[Round "4"]
[White "Leblanc, Kathleen"]
[Black "Bolduc, Christian"]
[Result "0-1"]
[WhiteElo "850"]
[BlackElo "1095"]
[WhiteFideId "-1"]
[WhiteFideId "-1"]
[PlyCount "48"]
[GameId "2170502837672965"]
[EventDate "2025.03.25"]
[EventType "swiss"]
[EventRounds "8"]
[EventCountry "CAN"]

1. e4 e5 2. Nf3 Nc6 3. g3 Nf6 4. Nc3 Bc5 5. Bg2 Ng4 6. Bh3 Nxf2 7. Qe2 Nxh1 8. Qc4 d6 9. Bg2 Nf2 10. h3 a6 11. h4 Be6 12. Qa4 b5 13. Qxb5 axb5 14. Nxb5 Nb4 15. Ke2 Bc4+ 16. d3 Bxb5 17. Bg5 Qd7 18. Kd2 O-O 19. a3 Ra7 20. h5 h6 21. Bh4 Qe6 22. Rc1 Ng4 23. Bh3 Be3+ 24. Kc3 Na2# 0-1

[Event "Outaouais-ch Reserve"]
[Site "Gatineau CAN"]
[Date "2025.04.15"]
[Round "4"]
[White "Lecorre, Joel"]
[Black "Perrier, Vincent"]
[Result "1-0"]
[WhiteElo "1407"]
[BlackElo "1309"]
[WhiteFideId "-1"]
[WhiteFideId "-1"]
[PlyCount "59"]
[GameId "2170502837672963"]
[EventDate "2025.03.25"]
[EventType "swiss"]
[EventRounds "8"]
[EventCountry "CAN"]

1. e4 c5 2. d4 cxd4 3. c3 d3 4. Bxd3 Nc6 5. Nf3 d6 6. Nbd2 Bg4 7. h3 Bh5 8. Qb3 Qc7 9. Nf1 Bxf3 10. gxf3 Nf6 11. Ng3 g6 12. f4 Bg7 13. Be3 Nd7 14. Bc4 e6 15. Qd1 O-O 16. h4 Nb6 17. Bb3 d5 18. h5 d4 19. hxg6 dxe3 20. Qh5 exf2+ 21. Kf1 h6 22. Nf5 exf5 23. exf5 Rae8 24. gxf7+ Rxf7 25. f6 Re1+ 26. Rxe1 fxe1=Q+ 27. Kxe1 Kf8 28. fxg7+ Rxg7 29. Qxh6 Ke7 30. Qxg7+ 1-0

[Event "Outaouais-ch Reserve"]
[Site "Gatineau CAN"]
[Date "2025.04.15"]
[Round "4"]
[White "Rhayem, Haythem"]
[Black "Gagne, Raphael"]
[Result "0-1"]
[WhiteElo "1452"]
[BlackElo "1385"]
[WhiteFideId "-1"]
[WhiteFideId "-1"]
[PlyCount "24"]
[GameId "2170502837672968"]
[EventDate "2025.03.25"]
[EventType "swiss"]
[EventRounds "8"]
[EventCountry "CAN"]

1. c4 e5 2. Nc3 Nf6 3. e4 c6 4. g3 d5 5. exd5 cxd5 6. Bg2 Be6 7. d4 exd4 8. Qxd4 Nc6 9. Qd1 d4 10. Nb5 Bxc4 11. Bxc6+ bxc6 12. Nf3 Qe7+ 0-1

[Event "Outaouais-ch Reserve"]
[Site "Gatineau CAN"]
[Date "2025.04.15"]
[Round "4"]
[White "Seguin, Hubert"]
[Black "Gagne, Learry"]
[Result "1-0"]
[WhiteElo "1542"]
[BlackElo "1239"]
[WhiteFideId "-1"]
[WhiteFideId "-1"]
[PlyCount "62"]
[GameId "2170502837672961"]
[EventDate "2025.03.25"]
[EventType "swiss"]
[EventRounds "8"]
[EventCountry "CAN"]

1. e4 e6 2. d4 d5 3. e5 Ne7 4. Nf3 b6 5. Be2 Ba6 6. O-O Bxe2 7. Qxe2 a6 8. Be3 Qc8 9. Nh4 c5 10. c3 Nd7 11. f4 f5 12. g4 g6 13. gxf5 Nxf5 14. Nxf5 gxf5 15. Qh5+ Ke7 16. Bf2 Kd8 17. Qf7 Kc7 18. Qxe6 Qe8 19. Qxf5 Qg6+ 20. Qxg6 hxg6 21. Kh1 Re8 22. Rg1 Re6 23. Nd2 Bh6 24. Bg3 Rf8 25. Raf1 Rf5 26. Nf3 Nf8 27. Nh4 Rf7 28. f5 gxf5 29. Rxf5 Rxf5 30. Nxf5 Nh7 31. Nxh6 Rxh6 1-0

[Event "Outaouais-ch Reserve"]
[Site "Gatineau CAN"]
[Date "2025.04.15"]
[Round "4"]
[White "Tsanov, Denise"]
[Black "Blais, Robert"]
[Result "1-0"]
[WhiteElo "1138"]
[BlackElo "1319"]
[WhiteFideId "-1"]
[WhiteFideId "-1"]
[PlyCount "41"]
[GameId "2170502837693449"]
[EventDate "2025.03.25"]
[EventType "swiss"]
[EventRounds "8"]
[EventCountry "CAN"]

1. c4 e5 2. Nc3 c5 3. g3 d6 4. Bg2 Nc6 5. e3 Be6 6. b3 Nf6 7. Bb2 Rb8 8. Nge2 Nb4 9. d4 cxd4 10. exd4 Bf5 11. O-O e4 12. Nf4 g5 13. Ba3 gxf4 14. Bxb4 f3 15. Bxf3 exf3 16. Qxf3 Qd7 17. Rfe1+ Kd8 18. c5 Bg7 19. cxd6 Bf8 20. Re5 Bg7 21. Rxf5 1-0

[Event "Outaouais-ch Reserve"]
[Site "Gatineau CAN"]
[Date "2025.04.15"]
[Round "4"]
[White "Vezina, Yannick"]
[Black "Labelle, Raymond"]
[Result "0-1"]
[WhiteElo "1476"]
[BlackElo "1442"]
[WhiteFideId "-1"]
[WhiteFideId "-1"]
[PlyCount "36"]
[GameId "2170502837668864"]
[EventDate "2025.03.25"]
[EventType "swiss"]
[EventRounds "8"]
[EventCountry "CAN"]

1. d4 d5 2. Nf3 h6 3. e3 Nf6 4. Bd3 e6 5. b3 c5 6. Bb2 Nc6 7. Nbd2 Bd6 8. O-O O-O 9. Ne5 Qc7 10. f4 Qb6 11. Rf3 cxd4 12. Nxc6 dxe3 13. Bxf6 e2+ 14. Nd4 exd1=Q+ 15. Rxd1 gxf6 16. Rg3+ Kh8 17. N2f3 e5 18. Rh3 Bxh3 0-1

[Event "Outaouais-ch Reserve"]
[Site "Gatineau CAN"]
[Date "2025.04.22"]
[Round "5"]
[White "Bolduc, Christian"]
[Black "Rhayem, Haythem"]
[Result "0-1"]
[WhiteElo "1095"]
[BlackElo "1452"]
[WhiteFideId "-1"]
[WhiteFideId "-1"]
[PlyCount "28"]
[GameId "2170502837697553"]
[EventDate "2025.03.25"]
[EventType "swiss"]
[EventRounds "8"]
[EventCountry "CAN"]

1. e4 c6 2. Nc3 a6 3. Nf3 d5 4. d4 h6 5. Be2 dxe4 6. Nxe4 Bf5 7. Nc3 e6 8. O-O Bd6 9. Nh4 Qxh4 10. g3 Qd8 11. a3 Ne7 12. Bf3 Nd7 13. Ne2 Qc7 14. b4 a5 0-1

[Event "Outaouais-ch Reserve"]
[Site "Gatineau CAN"]
[Date "2025.04.22"]
[Round "5"]
[White "Chenard, Paul"]
[Black "Bergeron-Collin, Laurent"]
[Result "0-1"]
[Annotator "hugh_"]
[WhiteElo "946"]
[BlackElo "1173"]
[WhiteFideId "-1"]
[WhiteFideId "-1"]
[PlyCount "74"]
[GameId "2170502837693455"]
[EventDate "2025.03.25"]
[EventType "swiss"]
[EventRounds "8"]
[EventCountry "CAN"]

{[%evp 0,74,13,25,33,72,24,-28,-44,-166,-155,-189,-221,-194,-209,-190,-205,-210,-198,-187,-127,-142,-140,-194,-150,-190,-126,-154,-132,-195,-137,-577,-462,-455,-427,-445,-462,-537,-711,-609,-507,-641,-605,-624,-680,-826,-654,-873,-927,-922,-922,-966,-864,-978,-920,-986,-864,-945,-941,-945,-812,-976,-971,-1294,-1254,-1292,-902,-1503,-1326,-1326,-1409,-1638,-29978,-29979,-29982,-29999,-29999]} 1. e4 c6 2. Nc3 d5 3. Nge2 d4 4. Nxd4 Qxd4 5. Qe2 e5 6. d3 Bb4 7. Bd2 Nf6 8. f3 Nh5 9. g3 O-O 10. a3 Be7 11. Be3 Qd8 12. O-O-O Bg5 13. Kb1 b5 14. d4 Bxe3 15. dxe5 Qb6 16. Rd6 Qc5 17. Bg2 Bd4 18. Qd3 Bxe5 19. Rd8 Be6 20. b4 Qe7 21. Rxf8+ Qxf8 22. Rd1 Nd7 23. Qe2 Bxc3 24. f4 Nhf6 25. Rd3 Bc4 26. e5 Bxd3 27. Qxd3 Bxb4 28. exf6 Nxf6 29. axb4 Rd8 30. Qf3 Qxb4+ 31. Kc1 Qd2+ 32. Kb2 Qd4+ 33. c3 Qa4 34. Qe2 Rd1 35. Qc2 Qa1+ 36. Kb3 Rb1+ 37. Qb2 Rxb2# 0-1

[Event "Outaouais-ch Reserve"]
[Site "Gatineau CAN"]
[Date "2025.04.22"]
[Round "5"]
[White "Collin, Achille"]
[Black "Bastien, Andre"]
[Result "1/2-1/2"]
[WhiteElo "1358"]
[BlackElo "1724"]
[WhiteFideId "-1"]
[WhiteFideId "-1"]
[PlyCount "137"]
[GameId "2170502837697552"]
[EventDate "2025.03.25"]
[EventType "swiss"]
[EventRounds "8"]
[EventCountry "CAN"]

1. c4 Nc6 2. d4 d5 3. cxd5 Qxd5 4. Nf3 e5 5. Nc3 Bb4 6. Bd2 Bxc3 7. Bxc3 e4 8. Ne5 e3 9. f3 Nge7 10. Qd3 Nf5 11. Nxc6 Qxc6 12. g4 Ne7 13. Qxe3 Be6 14. Qg5 h6 15. Qd2 f5 16. gxf5 Bxf5 17. Rg1 O-O-O 18. e4 Bd7 19. d5 Qd6 20. Rxg7 Rhe8 21. O-O-O Ng6 22. Qxh6 Rg8 23. Rxg8 Rxg8 24. Bh3 Rd8 25. Bxd7+ Rxd7 26. Rd2 Qa6 27. a3 Qf1+ 28. Kc2 Qa6 29. f4 Qa4+ 30. Kd3 Qa6+ 31. Ke3 Qb6+ 32. Kf3 Ne5+ 33. fxe5 Qxh6 34. e6 Qh3+ 35. Kf4 Qh4+ 36. Kf3 Rd8 37. Ke3 Qg5+ 38. Kd3 c6 39. Kc4 Kc7 40. Bb4 b5+ 41. Kc5 Qg1+ 42. Rd4 Qc1+ 43. Bc3 Rd6 44. e7 Rxd5+ 45. exd5 Qe3 46. dxc6 Qxe7+ 47. Kxb5 Qe5+ 48. Kb4 Qe7+ 49. Kb3 Kxc6 50. h4 a6 51. Rb4 Qf7+ 52. Kc2 Qf2+ 53. Kd3 Qf5+ 54. Ke3 Qh3+ 55. Kf2 Qh2+ 56. Ke3 Qg3+ 57. Kd2 Qg2+ 58. Kd3 Qf3+ 59. Kc4 Qe2+ 60. Kd4 Qg4+ 61. Ke5 Qh5+ 62. Kf6 Qh6+ 63. Kf7 Qh7+ 64. Kf8 Qf5+ 65. Kg7 Qd7+ 66. Kg6 Qe8+ 67. Kh6 Qe6+ 68. Kg5 Qg8+ 69. Kf4 1/2-1/2

[Event "Outaouais-ch Reserve"]
[Site "Gatineau CAN"]
[Date "2025.04.22"]
[Round "5"]
[White "Dubois, Simon"]
[Black "Blais, Robert"]
[Result "0-1"]
[WhiteElo "1270"]
[BlackElo "1319"]
[WhiteFideId "-1"]
[WhiteFideId "-1"]
[PlyCount "68"]
[GameId "2172360625427314"]
[EventDate "2025.03.25"]
[EventType "swiss"]
[EventRounds "8"]
[EventCountry "CAN"]

1. e4 e5 2. Nc3 c5 3. Bc4 d6 4. d3 Be7 5. Nf3 Bg4 6. O-O Nf6 7. Re1 O-O 8. h3 Bh5 9. Be3 Nc6 10. g4 Nxg4 11. hxg4 Bxg4 12. Kf1 Kh8 13. Ke2 f5 14. Rg1 Bxf3+ 15. Kxf3 Nd4+ 16. Bxd4 fxe4+ 17. Ke2 cxd4 18. Nxe4 d5 19. Kd2 dxe4 20. Qg4 Rxf2+ 21. Ke1 Qf8 22. Rh1 Qf5 23. Qxe4 Qxe4+ 24. dxe4 Rxc2 25. Bb3 Rxb2 26. Kd1 Rf8 27. Bd5 Rff2 28. Ke1 Bb4+ 29. Kd1 Rbd2+ 30. Kc1 Ba3+ 31. Kb1 Rb2+ 32. Kc1 Rxa2+ 33. Kb1 Rfb2+ 34. Kc1 Rxa1# 0-1